[Event "Chigorin Memorial Blitz 31st"]
[Site "St Petersburg"]
[Date "2024.10.25"]
[Round "10"]
[White "Orlov, Andrey"]
[Black "Khlebovich, Alexander"]
[Result "0-1"]
[WhiteElo "2486"]
[BlackElo "2423"]
[PlyCount "114"]
[EventDate "2024.10.25"]
[EventType "swiss (blitz)"]
[EventRounds "11"]
[EventCountry "RUS"]
[SourceTitle "CB44_2024"]
[Source "Chessbase"]
[SourceDate "2024.10.30"]
[SourceVersion "1"]
[SourceVersionDate "2024.10.30"]
[SourceQuality "1"]

1. e4 c5 2. Nf3 d6 3. c3 Nf6 4. Bd3 g6 5. 0-0 Bg7 6. Bc2 e5 7. d4 exd4 8. cxd4 cxd4 9. Nxd4 0-0 10. Nc3 a6 11. Re1 Nc6 12. Nb3 Be6 13. Bg5 h6 14. Bh4 Rc8 15. Rc1 Ne5 16. Nd4 Qb6 17. Nxe6 fxe6 18. Bb3 Rfe8 19. Qe2 Rc6 20. h3 Nh5 21. Na4 Qa7 22. Rxc6 bxc6 23. Qe3 Qxe3 24. Rxe3 g5 25. Bg3 Nxg3 26. Rxg3 c5 27. Nb6 Kf7 28. Nc4 Nxc4 29. Bxc4 Bxb2 30. Rb3 Bd4 31. Bxa6 Ra8 32. Rb7+ Kf6 33. Bc4 Rd8 34. a4 d5 35. exd5 exd5 36. Bd3 c4 37. Bc2 Ke5 38. Kf1 Rf8 39. f3 Be3 40. Rb5 Kd6 41. a5 Ra8 42. Ba4 Bd2 43. Rb6+ Kc5 44. Rb5+ Kd4 45. f4 gxf4 46. Bd1 Rxa5 47. Rb7 Be3 48. Bf3 Kc3 49. Rd7 d4 50. Be4 d3 51. g4 fxg3 52. Kg2 Re5 53. Bf3 Bf2 54. h4 d2 55. h5 Bd4 56. Kxg3 Re3 57. Kf4 Rxf3+ 0-1

[Event "Chigorin Memorial Blitz 31st"]
[Site "St Petersburg"]
[Date "2024.10.25"]
[Round "7"]
[White "Puzyrevsky, Semen"]
[Black "Orlov, Andrey"]
[Result "0-1"]
[WhiteElo "2246"]
[BlackElo "2486"]
[PlyCount "68"]
[EventDate "2024.10.25"]
[EventType "swiss (blitz)"]
[EventRounds "11"]
[EventCountry "RUS"]
[SourceTitle "CB44_2024"]
[Source "Chessbase"]
[SourceDate "2024.10.30"]
[SourceVersion "1"]
[SourceVersionDate "2024.10.30"]
[SourceQuality "1"]

1. e4 d6 2. d4 Nf6 3. Bd3 g6 4. h3 Bg7 5. Nf3 0-0 6. 0-0 c5 7. c3 Nc6 8. Be3 Nd7 9. Qd2 Re8 10. Na3 a6 11. Nc2 b6 12. a4 Bb7 13. Rab1 Rc8 14. Qe2 Nf6 15. e5 dxe5 16. dxe5 Nd5 17. e6 f5 18. Bxa6 Bxa6 19. Qxa6 Qc7 20. Rbd1 Nf6 21. Qc4 h6 22. Na3 g5 23. Nb5 Qb8 24. h4 f4 25. hxg5 hxg5 26. Bc1 Ne5 27. Nxe5 Qxe5 28. Rfe1 Qf5 29. Qd3 Qg4 30. f3 Qh4 31. Qg6 Rcd8 32. Rxd8 Rxd8 33. Qf7+ Kh8 34. Qxe7 Qxe1+ 0-1

[Event "BEL-chT 2324"]
[Site "Belgium"]
[Date "2024.04.21"]
[Round "11.2"]
[White "Orlov, Andrey"]
[Black "Schoppen, Casper"]
[Result "0-1"]
[WhiteElo "2487"]
[BlackElo "2541"]
[PlyCount "114"]
[EventDate "2023.09.24"]
[EventType "team-tourn"]
[EventRounds "11"]
[EventCountry "BEL"]
[SourceTitle "EXT 2025"]
[Source "ChessBase"]
[SourceDate "2024.10.14"]
[SourceVersion "1"]
[SourceVersionDate "2024.10.14"]
[SourceQuality "1"]
[WhiteTeam "Tal"]
[BlackTeam "KGSRL"]
[WhiteTeamCountry "BEL"]
[BlackTeamCountry "BEL"]

1. e4 e5 2. Nf3 Nc6 3. Nc3 Nf6 4. h3 Bb4 5. Nd5 Be7 6. Nxf6+ Bxf6 7. Bc4 Na5 8. Be2 d5 9. d3 0-0 10. 0-0 Nc6 11. c3 a5 12. a4 Be6 13. Qc2 Qd7 14. Re1 Be7 15. Bf1 d4 16. Ng5 Bxg5 17. Bxg5 f6 18. Bd2 Rad8 19. Rab1 Qe7 20. Rec1 Rd7 21. Be1 Ra8 22. Be2 Qf7 23. c4 Qg6 24. Kh2 f5 25. Bf3 fxe4 26. Bxe4 Bf5 27. Bxf5 Qxf5 28. f3 h5 29. b4 axb4 30. Bxb4 Nd8 31. Bd2 Ne6 32. Rxb7 Nc5 33. Rb5 Nxd3 34. Rcb1 Qg6 35. R1b3 e4 36. fxe4 Nf2 37. Rf3 d3 38. Qb2 Nxe4 39. Rb8+ Rxb8 40. Qxb8+ Kh7 41. Qb2 Qd6+ 42. Bf4 Qd4 43. Qb5 c5 44. Be3 Qd6+ 45. Bf4 Qe6 46. Qb3 Qf6 47. a5 d2 48. Qd1 Kg8 49. a6 Qxa6 50. Rb3 Rd8 51. Bc7 Rc8 52. Qxh5 Qxc4 53. Qf5 Rf8 54. Rb8 Rxb8 55. Bxb8 d1Q 56. Qc8+ Kh7 57. Qf5+ g6 0-1

[Event "BL2-West 2324"]
[Site "Germany"]
[Date "2024.02.25"]
[Round "8.6"]
[White "Pauly, Carlo"]
[Black "Orlov, Andrey"]
[Result "1/2-1/2"]
[WhiteElo "2323"]
[BlackElo "2499"]
[PlyCount "71"]
[EventDate "2023.10.21"]
[EventType "team-tourn"]
[EventRounds "10"]
[EventCountry "GER"]
[SourceTitle "EXT 2025"]
[Source "ChessBase"]
[SourceDate "2024.10.14"]
[SourceVersion "1"]
[SourceVersionDate "2024.10.14"]
[SourceQuality "1"]
[WhiteTeam "Porz SG"]
[BlackTeam "Duesseldorf"]
[WhiteTeamCountry "GER"]
[BlackTeamCountry "GER"]

1. d4 d5 2. c4 e6 3. Nf3 a6 4. e3 Nf6 5. Nbd2 Be7 6. Bd3 Nbd7 7. e4 dxe4 8. Nxe4 Nxe4 9. Bxe4 Nf6 10. Bc2 c5 11. dxc5 Qxd1+ 12. Kxd1 Bxc5 13. Ke2 b5 14. cxb5 axb5 15. Bd3 b4 16. Bd2 0-0 17. Rhc1 Bd6 18. Rc6 Rd8 19. a4 bxa3 20. bxa3 Bb7 21. Rb6 Bxf3+ 22. gxf3 Bxa3 23. Be4 Nxe4 24. fxe4 Bc5 25. Rxa8 Rxa8 26. Rb7 h5 27. Rb5 Rc8 28. Bf4 Kh7 29. Rb7 Ra8 30. Rxf7 Ra2+ 31. Bd2 Bb4 32. Rd7 e5 33. Ke3 Ra3+ 34. Rd3 Bc5+ 35. Ke2 Rxd3 36. Kxd3 1/2-1/2

[Event "BL2-West 2324"]
[Site "Germany"]
[Date "2023.10.22"]
[Round "2.7"]
[White "Orlov, Andrey"]
[Black "Bodicky, Michal"]
[Result "1-0"]
[WhiteElo "2499"]
[BlackElo "2172"]
[PlyCount "57"]
[EventDate "2023.10.21"]
[EventType "team-tourn"]
[EventRounds "10"]
[EventCountry "GER"]
[SourceTitle "EXT 2025"]
[Source "ChessBase"]
[SourceDate "2024.10.14"]
[SourceVersion "1"]
[SourceVersionDate "2024.10.14"]
[SourceQuality "1"]
[WhiteTeam "Duesseldorf"]
[BlackTeam "Aachen"]
[WhiteTeamCountry "GER"]
[BlackTeamCountry "GER"]

1. e4 d6 2. d4 Nf6 3. Bd3 e5 4. c3 d5 5. dxe5 Nxe4 6. Nf3 Nc5 7. Bc2 Bg4 8. 0-0 Be7 9. Be3 Nc6 10. Nbd2 Ne6 11. Qb1 Bh5 12. Re1 Qd7 13. b4 d4 14. cxd4 Ncxd4 15. Be4 0-0-0 16. Nxd4 Nxd4 17. Nb3 Ne6 18. Na5 c6 19. b5 Qc7 20. bxc6 b6 21. Qb5 Bg6 22. Bxg6 hxg6 23. Nb7 Kb8 24. Nxd8 Rxd8 25. Rad1 Nc5 26. Bxc5 Bxc5 27. Rd7 a6 28. Rxd8+ Qxd8 29. Qxa6 1-0

[Event "GER-ch Net blitz qual5"]
[Site "Playchess.com INT"]
[Date "2020.03.28"]
[Round "13"]
[White "Donchenko, Alexander"]
[Black "Orlov, Andrey"]
[Result "1/2-1/2"]
[WhiteElo "2648"]
[BlackElo "2511"]
[PlyCount "43"]
[EventDate "2020.03.28"]
[EventType "swiss (blitz)"]
[EventRounds "13"]
[EventCountry "GER"]
[SourceTitle "CBM 195 Extra"]
[Source "ChessBase"]
[SourceDate "2020.05.31"]
[SourceVersion "1"]
[SourceVersionDate "2020.05.31"]
[SourceQuality "1"]

1. c4 e5 2. g3 Nc6 3. Nc3 g6 4. Bg2 Bg7 5. e4 d6 6. d3 Be6 7. Nge2 Qd7 8. h3 h5 9. Be3 Nge7 10. Qd2 h4 11. g4 f5 12. f3 f4 13. Bf2 g5 14. Rb1 Nd4 15. 0-0 0-0 16. b4 b6 17. Nd5 c6 18. Nxe7+ Qxe7 19. Bxd4 exd4 20. b5 c5 21. a4 a5 22. Kh2 1/2-1/2

[Event "GER-ch Net blitz qual3"]
[Site "Playchess.com INT"]
[Date "2020.03.21"]
[Round "5"]
[White "Orlov, Andrey"]
[Black "Kollars, Dmitrij"]
[Result "1/2-1/2"]
[WhiteElo "2511"]
[BlackElo "2592"]
[PlyCount "125"]
[EventDate "2020.03.21"]
[EventType "swiss (blitz)"]
[EventRounds "9"]
[EventCountry "GER"]
[SourceTitle "CBM 195 Extra"]
[Source "ChessBase"]
[SourceDate "2020.05.31"]
[SourceVersion "1"]
[SourceVersionDate "2020.05.31"]
[SourceQuality "1"]

1. e4 e5 2. Nf3 Nc6 3. Bc4 Nf6 4. d3 Bc5 5. 0-0 d6 6. Be3 a5 7. Bxc5 dxc5 8. Bb5 Qd6 9. Bxc6+ bxc6 10. Nbd2 Be6 11. a4 0-0 12. b3 h6 13. Re1 Nd7 14. Nc4 Bxc4 15. dxc4 Rfd8 16. Qe2 Nf8 17. Rad1 Qf6 18. Rxd8 Rxd8 19. Rd1 Rd6 20. Qe1 Qd8 21. Rd2 f6 22. Qe3 Ne6 23. Rxd6 cxd6 24. Qd2 Kf8 25. g3 Kf7 26. Kg2 g5 27. h3 h5 28. h4 Kg6 29. Qd1 g4 30. Ne1 Kg7 31. f3 gxf3+ 32. Qxf3 Qe8 33. Qd1 Qg6 34. Qf3 Nd4 35. Qe3 Qg4 36. c3 Qe2+ 37. Qxe2 Nxe2 38. Kf3 Nxc3 39. Ke3 Na2 40. Nd3 Nb4 41. Nf2 Kg6 42. g4 hxg4 43. Nxg4 f5 44. exf5+ Kxf5 45. Nf2 d5 46. Kf3 e4+ 47. Kg3 d4 48. Ng4 e3 49. Nh2 d3 50. Kf3 e2 51. Kf2 Nc2 52. Nf3 Kg4 53. Ne5+ Kxh4 54. Nxd3 e1Q+ 55. Nxe1 Nxe1 56. Kxe1 Kg3 57. Ke2 Kf4 58. Kf2 Ke4 59. Ke2 Kd4 60. Kd2 Ke4 61. Ke2 Kd4 62. Kd2 Ke4 63. Ke2 1/2-1/2

[Event "GER-ch Net blitz qual3"]
[Site "Playchess.com INT"]
[Date "2020.03.21"]
[Round "4"]
[White "Zwahr, Paul"]
[Black "Orlov, Andrey"]
[Result "0-1"]
[WhiteElo "2278"]
[BlackElo "2511"]
[PlyCount "198"]
[EventDate "2020.03.21"]
[EventType "swiss (blitz)"]
[EventRounds "9"]
[EventCountry "GER"]
[SourceTitle "CBM 195 Extra"]
[Source "ChessBase"]
[SourceDate "2020.05.31"]
[SourceVersion "1"]
[SourceVersionDate "2020.05.31"]
[SourceQuality "1"]

1. e4 e5 2. Nf3 Qe7 3. Nc3 c6 4. Bc4 d6 5. 0-0 h6 6. a4 Qf6 7. d4 Ne7 8. Be3 Ng6 9. a5 Be7 10. a6 b6 11. d5 c5 12. Nb5 Bd8 13. c3 0-0 14. Na3 Nf4 15. Bxf4 Qxf4 16. Re1 Nxa6 17. Nb5 Qf6 18. Nxd6 Qxd6 19. Bxa6 Bg4 20. Be2 Bxf3 21. Bxf3 a5 22. Be2 g6 23. Bd3 Kg7 24. Qd2 Bc7 25. Re3 Rae8 26. Rh3 Rh8 27. Rg3 Qf6 28. Rf3 Qe7 29. Qc2 Bd6 30. Qb3 Qd8 31. Qb5 h5 32. Ra3 Qc7 33. Rb3 Rb8 34. Qc6 Rhc8 35. Qxc7 Rxc7 36. Bc4 a4 37. Ra3 b5 38. Bf1 c4 39. Ra1 Bc5 40. Be2 Rb6 41. Kf1 Rf6 42. Rxf6 Kxf6 43. g3 Bd6 44. Bf3 Ra7 45. Bd1 Rc7 46. Ke2 Rc8 47. Kd2 h4 48. g4 Kg5 49. Ke3 Bc5+ 50. Kf3 Rd8 51. h3 Rd6 52. Kg2 Rf6 53. Bf3 Kf4 54. Rd1 Rd6 55. Ra1 Ra6 56. Ra2 Bd6 57. Ra1 Kg5 58. Bd1 Rb6 59. Kf3 Bc5 60. Ke2 Rf6 61. f3 Kf4 62. Kf1 Kg3 63. Rc1 Kxh3 64. Rc2 Kg3 65. g5 Rf4 66. Rg2+ Kh3 67. Rc2 f6 68. gxf6 Rxf6 69. Rg2 Bf8 70. Kg1 Bh6 71. Rh2+ Kg3 72. Rg2+ Kf4 73. Rg4+ Ke3 74. Kf1 Kd2 75. Be2 g5 76. Rg2 Kc1 77. Ke1 Bf8 78. Rxg5 Rh6 79. Rf5 h3 80. Bf1 h2 81. Bg2 h1Q+ 82. Bxh1 Rxh1+ 83. Kf2 Rh8 84. Rxe5 Kxb2 85. Ke2 a3 86. Re8 a2 87. Ra8 a1Q 88. Rxa1 Kxa1 89. e5 Kb2 90. f4 Kxc3 91. Ke3 b4 92. f5 b3 93. f6 b2 94. e6 b1Q 95. e7 Qd3+ 96. Kf4 Qd4+ 97. Kf5 Qxd5+ 98. Kg6 Rg8+ 99. Kh7 Qf7# 0-1

[Event "BL2-West 1920"]
[Site "Germany"]
[Date "2020.03.01"]
[Round "7.2"]
[White "Orlov, Andrey"]
[Black "Halvax, Georg"]
[Result "1/2-1/2"]
[WhiteElo "2506"]
[BlackElo "2415"]
[PlyCount "34"]
[EventDate "2019.09.19"]
[EventType "team-tourn"]
[EventRounds "9"]
[EventCountry "GER"]
[SourceTitle "EXT 2023"]
[Source "ChessBase"]
[SourceDate "2022.10.05"]
[SourceVersion "1"]
[SourceVersionDate "2022.10.05"]
[SourceQuality "1"]
[WhiteTeam "Duesseldorf"]
[BlackTeam "Solingen II"]
[WhiteTeamCountry "GER"]
[BlackTeamCountry "GER"]

1. e4 c5 2. Nf3 Nc6 3. Bb5 g6 4. 0-0 Bg7 5. Re1 Nf6 6. e5 Nd5 7. Nc3 Nc7 8. Bxc6 dxc6 9. Ne4 b6 10. d3 0-0 11. h3 Ne6 12. Neg5 h6 13. Nxe6 Bxe6 14. b3 Qd7 15. Bb2 Rfd8 16. Qe2 Bd5 17. Nd2 Qf5 1/2-1/2

[Event "BL2-West 1920"]
[Site "Germany"]
[Date "2020.02.09"]
[Round "6.2"]
[White "Krivonosov, Oleg"]
[Black "Orlov, Andrey"]
[Result "0-1"]
[WhiteElo "2395"]
[BlackElo "2506"]
[PlyCount "130"]
[EventDate "2019.09.19"]
[EventType "team-tourn"]
[EventRounds "9"]
[EventCountry "GER"]
[SourceTitle "EXT 2023"]
[Source "ChessBase"]
[SourceDate "2022.10.05"]
[SourceVersion "1"]
[SourceVersionDate "2022.10.05"]
[SourceQuality "1"]
[WhiteTeam "Schott Mainz"]
[BlackTeam "Duesseldorf"]
[WhiteTeamCountry "GER"]
[BlackTeamCountry "GER"]

1. Nf3 c5 2. c4 g6 3. d4 Bg7 4. e4 cxd4 5. Nxd4 Nc6 6. Be3 Nf6 7. Nc3 0-0 8. Be2 d6 9. 0-0 Bd7 10. Qd2 Nxd4 11. Bxd4 Be6 12. f3 a5 13. b3 Nd7 14. Bxg7 Kxg7 15. Qd4+ f6 16. Rac1 Qb6 17. Qxb6 Nxb6 18. Nd5 Bxd5 19. cxd5 Rac8 20. Bd3 f5 21. exf5 Nxd5 22. fxg6 hxg6 23. Bc4 Nb6 24. Rfe1 Nxc4 25. bxc4 Kf6 26. Rb1 Rxc4 27. Rxb7 e5 28. Rb5 Ra4 29. Re2 Rc8 30. Kf2 Ke6 31. Rd2 Rcc4 32. Ke2 g5 33. Rbd5 Rc6 34. h3 Ra6 35. Rb5 Rb4 36. Rb2 Rxb2+ 37. Rxb2 Rc6 38. Kd3 Rc1 39. Rb5 Rg1 40. g4 Rd1+ 41. Ke3 Rd5 42. Rb8 Rd4 43. Rg8 Kf6 44. Rb8 Kf7 45. Rh8 Kg6 46. h4 gxh4 47. Rxh4 Ra4 48. Rh2 Kf6 49. Rd2 Ke6 50. Rb2 Ra3+ 51. Kf2 a4 52. Re2 d5 53. Rb2 d4 54. Rb6+ Kf7 55. g5 Rxa2+ 56. Kg3 a3 57. Kg4 Rg2+ 58. Kf5 a2 59. Rb7+ Ke8 60. Ra7 d3 61. Ke6 Kd8 62. Ra8+ Kc7 63. Ra3 Kc6 64. Kxe5 d2 65. Rxa2 Re2+ 0-1

[Event "Staufer op 32nd"]
[Site "Schwaebisch Gmuend"]
[Date "2020.01.05"]
[Round "8"]
[White "Sieber, Fiona"]
[Black "Orlov, Andrey"]
[Result "0-1"]
[WhiteElo "2245"]
[BlackElo "2510"]
[PlyCount "70"]
[EventDate "2020.01.02"]
[EventType "swiss"]
[EventRounds "9"]
[EventCountry "GER"]
[SourceTitle "CBM 194 Extra"]
[Source "ChessBase"]
[SourceDate "2020.03.31"]
[SourceVersion "1"]
[SourceVersionDate "2020.03.31"]
[SourceQuality "1"]

1. e4 c5 2. Nf3 a6 3. c4 Nc6 4. Nc3 e5 5. d3 d6 6. Be2 Be7 7. 0-0 f5 8. Ne1 f4 9. Bh5+ g6 10. Bg4 Bxg4 11. Qxg4 Nf6 12. Qe6 Nd4 13. Qh3 g5 14. g4 h5 15. f3 Kf7 16. Qg2 Qd7 17. Nd5 Nxd5 18. exd5 hxg4 19. Qxg4 Qxg4+ 20. fxg4 Rh4 21. Be3 Rxg4+ 22. Kh1 Nf5 23. Bf2 Rh8 24. Nf3 Ng3+ 25. Bxg3 Rxg3 26. Rad1 g4 27. Ng1 Kg6 28. Rd2 f3 29. h3 Bg5 30. Rh2 Bf4 31. b3 Be3 32. hxg4 Rxg1+ 33. Rxg1 Rxh2+ 34. Kxh2 Bxg1+ 35. Kxg1 Kg5 0-1

[Event "Staufer op 32nd"]
[Site "Schwaebisch Gmuend"]
[Date "2020.01.04"]
[Round "6"]
[White "Richter, Nils"]
[Black "Orlov, Andrey"]
[Result "1/2-1/2"]
[WhiteElo "2257"]
[BlackElo "2510"]
[PlyCount "81"]
[EventDate "2020.01.02"]
[EventType "swiss"]
[EventRounds "9"]
[EventCountry "GER"]
[SourceTitle "CBM 194 Extra"]
[Source "ChessBase"]
[SourceDate "2020.03.31"]
[SourceVersion "1"]
[SourceVersionDate "2020.03.31"]
[SourceQuality "1"]

1. e4 e5 2. Nf3 Nc6 3. Bb5 a6 4. Ba4 d6 5. c3 Bd7 6. d4 Nf6 7. 0-0 Be7 8. Re1 0-0 9. d5 Nb8 10. Bxd7 Nbxd7 11. c4 h6 12. Nc3 Nh7 13. Be3 Bg5 14. Nxg5 Nxg5 15. b4 Nf6 16. Bd2 Qd7 17. Qe2 b6 18. a3 Rfc8 19. h4 Ngh7 20. Rec1 c5 21. dxc6 Qxc6 22. Nd5 Nxd5 23. cxd5 Qb7 24. b5 axb5 25. Qxb5 Nf6 26. f3 Rxc1+ 27. Rxc1 Qe7 28. Qxb6 Nd7 29. Qe3 Qxh4 30. Rc6 Nf8 31. Rxd6 Ng6 32. Be1 Qe7 33. Bb4 Qh4 34. Rc6 Nf4 35. Rc2 Qg3 36. Kf1 Qh2 37. Qg1 Qh4 38. Qf2 Qh1+ 39. Qg1 Qh4 40. Be1 Qe7 41. Bb4 1/2-1/2